00361pab a2200145 454500008004000000100002500040245003400065260000900099300000800108362001100116650001900127650002800146650001900174773002200193180718b1997 xxu||||| |||| 00| 0 eng d aPai Panandiker, D.H. aChidambaram effect on economy c1997 ap.8 a19 Mar aBudget - India aFinance, Public - India aPublic finance aFinancial Express